Rovings in the Pacific from 1837 to 1849 with a glance at California by a merchant long resident at Tahiti

Guardat en:
Dades bibliogràfiques
Autor principal: Brander, John (Autor)
Format: Llibre
Idioma:anglès
Publicat: Londres Longman, Brown, Green and Longmans 1851
Edició:1a. ed
Matèries:
Etiquetes: Afegir etiqueta
Sense etiquetes, Sigues el primer a etiquetar aquest registre!

MARC

LEADER 00000nam a2200000 a 4500
001 UCJ3636
003 CL-VaPUC
008 070124e18510000UK |||||||||||||||||eng|d
082 0 4 |a 910.4  |b BRA  |2 21 
100 0 |a Brander, John  |e author  |9 505254 
245 1 0 |a Rovings in the Pacific from 1837 to 1849 with a glance at California by a merchant long resident at Tahiti 
250 |a 1a. ed 
300 |a 2 v 
942 |c BK 
945 |d 20070124 00:00:00  |a rinostro 
260 |a Londres  |b Longman, Brown, Green and Longmans  |c 1851 
650 0 |a Viajes  |9 257115 
650 0 |a Antropología   |9 233030 
650 0 |a Cultura  |9 269059 
650 7 |a FLORA  |2 CL-VaPUC  |9 264745 
650 7 |a FAUNA  |2 CL-VaPUC  |9 349523 
650 0 |a Vida social  |9 337244 
650 0 |a Comercio  |9 255341 
650 0 |a Recursos naturales  |9 255232 
650 0 |a Gobierno   |9 255508 
651 7 |a OCEANIA  |2 CL-VaPUC  |9 317234 
651 7 |a NUEVA ZELANDIA  |2 CL-VaPUC  |9 264331 
651 7 |a CHILE  |2 CL-VaPUC  |9 505706 
651 0 |a Santiago  |9 265444 
651 0 |a China   |9 257545 
651 0 |a Japón   |9 260391 
651 0 |a Australia  |9 262077 
651 7 |a POLINESIA  |2 CL-VaPUC  |9 505707 
651 7 |a CALIFORNIA  |2 CL-VaPUC  |9 264797 
651 0 |a Valparaíso, Chile  |9 261144 
583 |a last modification  |c 20070124 00:00:00  |k Rodrigo Vera 
999 |c 319758  |d 319756 
952 |0 0  |1 0  |4 0  |6 910_400000000000000_BRA_1851  |7 0  |8 X  |9 398132  |a FDOBUD  |b FDOBUD  |d 2019-11-22  |h v.1  |i 1006401  |o 910.4 BRA 1851  |p 1006401  |r 2019-11-22  |w 2019-11-22  |y BK_X  |k BUD 
952 |0 0  |1 0  |4 0  |6 910_400000000000000_BRA_1851  |7 0  |8 X  |9 398133  |a FDOBUD  |b FDOBUD  |d 2019-11-22  |h v.2  |i 100641K  |o 910.4 BRA 1851  |p 100641K  |r 2019-11-22  |w 2019-11-22  |y BK_X  |k BUD